| 000 | 00345nam a2200133Ia 4500 | ||
|---|---|---|---|
| 008 | 240624s9999 xx 000 0 und d | ||
| 041 | _aeng | ||
| 082 | _a174.4 FER | ||
| 100 | _aFERNANDO A C | ||
| 245 | _aCORPORATE ETHICS GOVERNANCE AND SOCIAL R | ||
| 260 |
_c2009 _aNew Delhi _bPearson |
||
| 300 | _axxxix, : 160 : p. : cm. ; 23 | ||
| 365 | _cRS | ||
| 999 |
_c24219 _d24219 |
||